QUEST Central Library Banner

National Engineering Mathematics (Record no. 57782)

MARC details
000 -LEADER
fixed length control field 00333nam a22001457a 4500
020 ## - INTERNATIONAL STANDARD BOOK NUMBER
ISBN 033354854X
020 ## - INTERNATIONAL STANDARD BOOK NUMBER
ISBN 978-0333548547
082 ## - DEWEY DECIMAL CLASSIFICATION NUMBER
Classification number 515YAT
100 ## - MAIN ENTRY--AUTHOR NAME
Personal name Yates, J C
245 ## - TITLE STATEMENT
Title National Engineering Mathematics
260 ## - PUBLICATION, DISTRIBUTION, ETC. (IMPRINT)
Place of publication England
Name of publisher Mac Millon
Year of publication 1996
300 ## - PHYSICAL DESCRIPTION
Number of Pages 537
650 ## - SUBJECT ADDED ENTRY--TOPICAL TERM
Topical Term Engineering Mathematics
942 ## - ADDED ENTRY ELEMENTS (KOHA)
Koha item type Books
Holdings
Withdrawn status Lost status Home library Current library Date acquired Full call number Accession Number Koha item type
    Central Library, QUEST, Nawabshah Central Library, QUEST, Nawabshah 31/07/2017 YAT D1897 Books

Copyright © 2018,The QUEST, Nawabshah, Shaheed Benazirabad. All rights reserved
Mr. G. Farooq Channar (Librarian) QUEST, Nawabshah, Sindh, Pakistan 67480.
 Ph#: |   0244-9370381-4 Ext. 2308   Email| lib@quest.edu.pk   Web|  http://www.quest.edu.pk